| 000 | 01052nam a22002297a 4500 | ||
|---|---|---|---|
| 999 |
_c55029 _d55029 |
||
| 005 | 20181218114831.0 | ||
| 020 |
_a9780670082575 _c350.00 |
||
| 035 | _aB-424076-078 | ||
| 037 | _bRBC-22385/2010-11/14.3.11/281/4.3.11/21.311 | ||
| 082 | 0 | 4 | _a365.45092 |
| 100 | 0 |
_aVaravararÄvu, _d1940- |
|
| 245 | 1 | 0 |
_aCaptive imagination : _bletters from prison / _cVaravara Rao ; translated from Telugu by Vasant Kannabiran ... [et al.] ; foreword by Ngugi wa Thiong'o. |
| 260 |
_aNew Delhi : _bPenguin Books India : _bViking, _c2010. |
||
| 300 |
_axii, 193 p. ; _c21 cm. (Hb) |
||
| 520 | _aVaravara Rao, 1940, is a political activist and poet from Andhra Pradesh, India. | ||
| 600 | 0 | 0 |
_aVaravararÄvu, _d1940- _vCorrespondence. |
| 650 | 0 |
_aPolitical prisoners _zIndia _zAndhra Pradesh _vCorrespondence. |
|
| 650 | 0 |
_aPoets, Telugu _vCorrespondence. |
|
| 942 |
_2ddc _cBN _h365.45092 _mRAO |
||